Handlová

Zobrazenie: Pohľad z kopca, medzi zakvitnutými stromami na mesto. V popredí, pod kopcom je dom a v pozadí je vežička s hodinami. V diaľke je kopec

Bibliographic Details
Other Authors: Tomský, Karol (fotograf) (Photographer)
Format: Photo
Language:Slovak
PhysicalDescription:1 pohľadnica čiernobiela 15 x 11 cm
Published: [Bratislava] VPL 1966
Subjects:

MARC

LEADER 00000ckm a2200000 a 4500
001 vtls010860182
003 SK-MaSNL
005 20260331210933.0
007 kf bo
008 231214s1966 xo g 00 kuslo
015 |a SNBG1966 
035 |a 4E5EA3FE-AAE6-4176-9BEF-DAFB91153EF7 
035 |a urn:nbn:sk:snk-kmy0lm 
035 |a urn:nbn:sk:snk-km007x55 
040 |a SNK  |b slo  |c SNK  |e AACR2 
041 0 |a slo 
043 |a e-xo--- 
044 |a xo  |c SK 
072 7 |a 913  |x Regionálna geografia  |2 konspekt 
080 |a 913(437.6)  |2 2001 
080 |a (089.7)  |2 2001 
080 |a 911.375  |2 2001 
080 |a 913(437.6)  |2 2011 
080 |a 721  |2 2011 
080 |a (089.7)  |2 2011 
100 1 |a Tomský, Karol  |c (fotograf)  |4 pht  |9 339641 
245 1 0 |a Handlová  |h grafika  |c foto Karol Tomský 
260 |a [Bratislava]  |b VPL  |c 1966 
300 |a 1 pohľadnica  |b čiernobiela  |c 15 x 11 cm 
520 8 |a Zobrazenie: Pohľad z kopca, medzi zakvitnutými stromami na mesto. V popredí, pod kopcom je dom a v pozadí je vežička s hodinami. V diaľke je kopec 
650 0 7 |a budovy  |2 SNKPH  |9 1283 
651 7 |a Handlová (Slovensko)  |2 SNKPHgeo  |9 15606 
655 7 |a miestne pohľadnice  |2 SNKPH  |9 70510 
852 |a Slovenská národná knižnica 
958 |a GBN 
958 |a GC 
958 |a OND 
958 |a EUIPO 
999 |c 585413  |d 587343 
952 |a SNK  |b SNK  |y PREZ  |7 0  |p 17A1078903  |o snkSP 1366  |0 0  |1 0  |4 0  |d 2015-08-12  |f 1  |l 0  |r 2026-02-23 15:06:28  |w 2026-02-23